[Event "San Jose Metropolitano op-A 45th"]
[Site "San Jose"]
[Date "2024.12.29"]
[Round "8"]
[White "Jimenez Molina, Juan Leon"]
[Black "Angulo Perez, Sebastian"]
[Result "1/2-1/2"]
[WhiteElo "2034"]
[BlackElo "1930"]
[PlyCount "49"]
[EventDate "2024.12.26"]
[EventType "swiss"]
[EventRounds "9"]
[EventCountry "CRI"]
[SourceTitle "CB02_2025"]
[SourceDate "2025.01.08"]
[SourceVersion "1"]
[SourceVersionDate "2025.01.08"]
[SourceQuality "1"]

1. Nf3 Nf6 2. g3 e6 3. Bg2 d5 4. 0-0 c5 5. c4 d4 6. d3 Be7 7. e3 0-0 8. exd4 cxd4 9. Na3 Nc6 10. Nc2 e5 11. Re1 Qc7 12. b4 Nxb4 13. Nxe5 Nxc2 14. Qxc2 Be6 15. Rb1 Rab8 16. Nf3 Qd7 17. Bf4 Bd6 18. Bxd6 Qxd6 19. Ng5 b6 20. Nxe6 fxe6 21. Qe2 Rbe8 22. f4 Nd7 23. a4 Nc5 24. a5 bxa5 25. Rb5 1/2-1/2

[Event "San Jose Metropolitano op-A 45th"]
[Site "San Jose"]
[Date "2024.12.28"]
[Round "6"]
[White "Jimenez Molina, Juan Leon"]
[Black "Lizano Quiros, Matias Haziel"]
[Result "1-0"]
[WhiteElo "2034"]
[BlackElo "2015"]
[PlyCount "107"]
[EventDate "2024.12.26"]
[EventType "swiss"]
[EventRounds "9"]
[EventCountry "CRI"]
[SourceTitle "CB02_2025"]
[SourceDate "2025.01.08"]
[SourceVersion "1"]
[SourceVersionDate "2025.01.08"]
[SourceQuality "1"]

1. Nf3 Nf6 2. g3 c5 3. Bg2 Nc6 4. c4 d5 5. 0-0 d4 6. d3 e5 7. e3 Bd6 8. exd4 cxd4 9. b4 Nxb4 10. Re1 0-0 11. Nxe5 Re8 12. a3 Qa5 13. Bd2 Rxe5 14. Rxe5 Bxe5 15. Bxb4 Qc7 16. a4 Bg4 17. Qb3 Nd7 18. Nd2 Bf5 19. Re1 Rb8 20. Nf3 h6 21. Qa3 Re8 22. Nxd4 Be6 23. Nxe6 Rxe6 24. Bh3 a5 25. Bd2 Bd6 26. Qa1 Rxe1+ 27. Qxe1 Nc5 28. Bxa5 Qc6 29. d4 Nd3 30. Qc3 Qxa4 31. Qxd3 Qxa5 32. c5 Be7 33. Qe4 Bf8 34. Bf1 Qb4 35. Qd5 b5 36. Qd7 g6 37. c6 Bd6 38. c7 Bxc7 39. Qxc7 Qxd4 40. Qb8+ Kg7 41. Qxb5 h5 42. Qc4 Qf6 43. h4 Qe5 44. Qb5 Qa1 45. Qd5 Qe1 46. Kg2 Qe8 47. Bc4 f6 48. Qe6 Qf8 49. Qd7+ Kh6 50. Qf7 Qd8 51. Qg8 Qxg8 52. Bxg8 g5 53. Kf3 f5 54. Bf7 1-0

[Event "Wch Seniors 65 32nd"]
[Site "Porto Santo"]
[Date "2024.11.24"]
[Round "7"]
[White "Boulard, Eric"]
[Black "Jimenez Molina, Juan Leon"]
[Result "1-0"]
[WhiteElo "2209"]
[BlackElo "2010"]
[PlyCount "86"]
[EventDate "2024.11.17"]
[EventType "swiss"]
[EventRounds "11"]
[EventCountry "POR"]
[SourceTitle "CB49_2024"]
[SourceDate "2024.12.04"]
[SourceVersion "1"]
[SourceVersionDate "2024.12.04"]
[SourceQuality "1"]

1. c4 c5 2. Nf3 Nc6 3. g3 g6 4. Bg2 Bg7 5. Nc3 d6 6. e3 e5 7. a3 f5 8. d3 Nge7 9. 0-0 0-0 10. Rb1 h6 11. Ne1 Be6 12. Nd5 Qd7 13. b4 Rab8 14. f4 Kh7 15. Nc2 Bg8 16. Bb2 Nxd5 17. cxd5 Ne7 18. e4 b6 19. Ne3 Rbe8 20. b5 Qxb5 21. fxe5 dxe5 22. Bxe5 Qd7 23. Bxg7 Kxg7 24. Qd2 Bh7 25. Qc3+ Kg8 26. e5 g5 27. d6 Nc8 28. Bd5+ Kh8 29. e6+ Qg7 30. Qxg7+ Kxg7 31. d7 Rd8 32. dxc8Q Rxc8 33. Bc4 Rce8 34. Rf2 f4 35. gxf4 Rxf4 36. Rxf4 gxf4 37. Ng2 Kf6 38. Nxf4 Ke5 39. Nh5 Kd4 40. Re1 Bxd3 41. Bxd3 Kxd3 42. e7 Kd2 43. Nf6 c4 1-0

[Event "CRI-ch"]
[Site "San Jose"]
[Date "2024.01.14"]
[Round "9"]
[White "Ruiz Alfaro, Darrel"]
[Black "Jimenez Molina, Juan Leon"]
[Result "1/2-1/2"]
[WhiteElo "1599"]
[BlackElo "2095"]
[PlyCount "42"]
[EventDate "2024.01.06"]
[EventType "swiss"]
[EventRounds "9"]
[EventCountry "CRI"]
[SourceTitle "CBM 218 Extra"]
[Source "ChessBase"]
[SourceDate "2024.03.31"]
[SourceVersion "1"]
[SourceVersionDate "2024.03.31"]
[SourceQuality "1"]

1. d4 g6 2. c4 Bg7 3. e4 c5 4. d5 d6 5. Qc2 Nf6 6. Nc3 0-0 7. Bg5 e6 8. 0-0-0 exd5 9. exd5 h6 10. Bf4 Na6 11. a3 Nc7 12. h4 a6 13. Qd2 Kh7 14. Bd3 Bf5 15. h5 Bxd3 16. Qxd3 Qd7 17. hxg6+ fxg6 18. g3 b5 19. Nh3 bxc4 20. Qxc4 Kg8 21. Rhe1 Rae8 1/2-1/2

[Event "Pan American-ch Seniors 65"]
[Site "Lima"]
[Date "2023.04.29"]
[Round "6"]
[White "Jimenez Molina, Juan Leon"]
[Black "Madeira, Wagner Martins"]
[Result "1-0"]
[WhiteElo "2144"]
[BlackElo "2040"]
[PlyCount "37"]
[EventDate "2023.04.26"]
[EventType "swiss"]
[EventRounds "9"]
[EventCountry "PER"]
[SourceTitle "CBM 214 Extra"]
[Source "ChessBase"]
[SourceDate "2023.07.31"]
[SourceVersion "1"]
[SourceVersionDate "2023.07.31"]
[SourceQuality "1"]

1. Nf3 Nf6 2. g3 g6 3. Bg2 Bg7 4. 0-0 0-0 5. d4 c5 6. c4 Nc6 7. dxc5 Qa5 8. Nc3 Qxc5 9. Qa4 d6 10. Be3 Qh5 11. Qb5 Ne5 12. Nxe5 dxe5 13. f3 Bd7 14. Qb4 Rfc8 15. Rad1 b6 16. Rd2 Rab8 17. Rfd1 a5 18. Qxe7 Bf5 19. Rd8+ 1-0

[Event "WchT Seniors 65"]
[Site "Prague"]
[Date "2020.03.09"]
[Round "4.11"]
[White "Ogaard, Leif"]
[Black "Jimenez Molina, Juan Leon"]
[Result "1-0"]
[WhiteElo "2362"]
[BlackElo "2174"]
[PlyCount "57"]
[EventDate "2020.03.06"]
[EventType "team-swiss"]
[EventRounds "7"]
[EventCountry "CZE"]
[SourceTitle "CBM 195 Extra"]
[Source "ChessBase"]
[SourceDate "2020.05.31"]
[SourceVersion "1"]
[SourceVersionDate "2020.05.31"]
[SourceQuality "1"]
[WhiteTeam "Norway 65"]
[BlackTeam "Costa Rica 65"]
[WhiteTeamCountry "NOR"]
[BlackTeamCountry "CRI"]

1. d4 g6 2. c4 c5 3. d5 d6 4. e4 Bg7 5. Be2 Nf6 6. Nc3 0-0 7. Nf3 Na6 8. 0-0 Nc7 9. Bf4 Nh5 10. Bg5 h6 11. Be3 a6 12. Qd2 Kh7 13. h3 Rb8 14. a4 Bd7 15. e5 dxe5 16. Bxc5 Nf4 17. Rfe1 Qc8 18. Bf1 Ncxd5 19. cxd5 Qxc5 20. Nxe5 Bxe5 21. Rxe5 g5 22. Ne4 Qc8 23. Rxe7 Bxh3 24. gxh3 Nxh3+ 25. Bxh3 Qxh3 26. Ra3 Qf5 27. Qd4 Rbd8 28. Re5 Qg6 29. Rxg5 1-0

[Event "WchT Seniors 65"]
[Site "Prague"]
[Date "2020.03.08"]
[Round "3.17"]
[White "Jimenez Molina, Juan Leon"]
[Black "Juricek, Stanislav"]
[Result "1/2-1/2"]
[WhiteElo "2174"]
[BlackElo "2037"]
[PlyCount "50"]
[EventDate "2020.03.06"]
[EventType "team-swiss"]
[EventRounds "7"]
[EventCountry "CZE"]
[SourceTitle "CBM 195 Extra"]
[Source "ChessBase"]
[SourceDate "2020.05.31"]
[SourceVersion "1"]
[SourceVersionDate "2020.05.31"]
[SourceQuality "1"]
[WhiteTeam "Costa Rica 65"]
[BlackTeam "Czech Republic 65 X"]
[WhiteTeamCountry "CRI"]
[BlackTeamCountry "CZE"]

1. Nf3 Nf6 2. g3 g6 3. Bg2 Bg7 4. 0-0 0-0 5. d4 d6 6. b3 Nbd7 7. Bb2 e5 8. dxe5 Ng4 9. c4 dxe5 10. h3 Nh6 11. Qd2 Re8 12. e4 f6 13. Nc3 c6 14. Rad1 Nf7 15. Kh2 Qe7 16. Rfe1 Nf8 17. Qc1 Be6 18. Ba3 Qc7 19. Bf1 Bh6 20. Qb2 Rad8 21. Bc5 Nd7 22. Be3 Bxe3 23. Rxe3 Nf8 24. Red3 Rxd3 25. Rxd3 Rd8 1/2-1/2

[Event "WchT Seniors 65"]
[Site "Prague"]
[Date "2020.03.07"]
[Round "2.2"]
[White "Birnboim, Nathan"]
[Black "Jimenez Molina, Juan Leon"]
[Result "1/2-1/2"]
[WhiteElo "2369"]
[BlackElo "2174"]
[PlyCount "91"]
[EventDate "2020.03.06"]
[EventType "team-swiss"]
[EventRounds "7"]
[EventCountry "CZE"]
[SourceTitle "CBM 195 Extra"]
[Source "ChessBase"]
[SourceDate "2020.05.31"]
[SourceVersion "1"]
[SourceVersionDate "2020.05.31"]
[SourceQuality "1"]
[WhiteTeam "Israel 65"]
[BlackTeam "Costa Rica 65"]
[WhiteTeamCountry "ISR"]
[BlackTeamCountry "CRI"]

1. e4 c5 2. Nf3 g6 3. d4 cxd4 4. Qxd4 Nf6 5. Bb5 a6 6. Ba4 b5 7. Bb3 Nc6 8. Qd3 Bg7 9. 0-0 0-0 10. Nc3 d6 11. h3 Bb7 12. a3 Rc8 13. Re1 Nd7 14. Ba2 Nce5 15. Nxe5 Nxe5 16. Qg3 Nc4 17. Nd1 a5 18. c3 b4 19. axb4 axb4 20. Bxc4 Rxc4 21. Qd3 Qc7 22. Bd2 bxc3 23. Bxc3 Rc8 24. Bxg7 Kxg7 25. Nc3 Qb6 26. Re2 Rb4 27. Ra2 Qd4 28. Qxd4+ Rxd4 29. Ra7 Rb8 30. e5 dxe5 31. Rxe5 Rb4 32. Rxe7 Rxb2 33. Rd7 h5 34. h4 Rb3 35. Nd1 Rb1 36. Kh2 Rb4 37. Kg1 Rb1 38. f3 Kf6 39. Kh2 Ke6 40. Rd2 Bc6 41. Kg3 R8b7 42. Raa2 Ke7 43. Nf2 Bd7 44. Ne4 Be6 45. Ra3 R1b3 46. Rxb3 1/2-1/2

[Event "WchT Seniors 65"]
[Site "Prague"]
[Date "2020.03.06"]
[Round "1.20"]
[White "Jimenez Molina, Juan Leon"]
[Black "Fleuch, Hans Juergen"]
[Result "1/2-1/2"]
[WhiteElo "2174"]
[BlackElo "1948"]
[PlyCount "36"]
[EventDate "2020.03.06"]
[EventType "team-swiss"]
[EventRounds "7"]
[EventCountry "CZE"]
[SourceTitle "CBM 195 Extra"]
[Source "ChessBase"]
[SourceDate "2020.05.31"]
[SourceVersion "1"]
[SourceVersionDate "2020.05.31"]
[SourceQuality "1"]
[WhiteTeam "Costa Rica 65"]
[BlackTeam "Germany 65 X"]
[WhiteTeamCountry "CRI"]
[BlackTeamCountry "GER"]

1. Nf3 Nc6 2. d4 d6 3. g3 Bg4 4. Bg2 Nf6 5. 0-0 Qd7 6. c4 Bh3 7. Nc3 Bxg2 8. Kxg2 g6 9. b4 Bg7 10. b5 Nd8 11. a4 c6 12. Qb3 0-0 13. Ba3 Re8 14. Rad1 Qf5 15. Qb1 Qxb1 16. Rxb1 Nd7 17. bxc6 bxc6 18. a5 Ne6 1/2-1/2

[Event "Monteria op"]
[Site "Monteria"]
[Date "2011.11.14"]
[Round "7"]
[White "Castillejo, Angela Maria"]
[Black "Jimenez Molina, Juan Leon"]
[Result "1-0"]
[WhiteElo "1812"]
[BlackElo "2186"]
[PlyCount "53"]
[EventDate "2011.11.12"]
[EventType "swiss"]
[EventRounds "7"]
[EventCountry "COL"]
[SourceTitle "EXT 2012"]
[Source "ChessBase"]
[SourceDate "2011.11.24"]
[SourceVersion "1"]
[SourceVersionDate "2011.11.24"]
[SourceQuality "1"]

1. e4 e5 2. Nf3 Nc6 3. Bc4 h6 4. d4 d6 5. dxe5 Nxe5 6. Nxe5 dxe5 7. Qxd8+ Kxd8 8. Bxf7 Nf6 9. Nc3 Bb4 10. Bd2 Bxc3 11. Bxc3 Rf8 12. Bg6 Ng4 13. 0-0-0+ Ke7 14. Bb4+ Kf6 15. Bxf8 Kxg6 16. Rdf1 Be6 17. Bc5 Bc4 18. Rd1 Nxf2 19. Bxf2 Bxa2 20. b3 a5 21. Kb2 a4 22. Kxa2 b5 23. Rd5 c6 24. Rxe5 Kf6 25. Bd4 c5 26. Re8+ cxd4 27. Rxa8 1-0

[Event "Monteria op"]
[Site "Monteria"]
[Date "2011.11.12"]
[Round "3"]
[White "Jimenez Molina, Juan Leon"]
[Black "Maldonado, Hector"]
[Result "0-1"]
[WhiteElo "2186"]
[BlackElo "1971"]
[PlyCount "29"]
[EventDate "2011.11.12"]
[EventType "swiss"]
[EventRounds "7"]
[EventCountry "COL"]
[SourceTitle "EXT 2012"]
[Source "ChessBase"]
[SourceDate "2011.11.24"]
[SourceVersion "1"]
[SourceVersionDate "2011.11.24"]
[SourceQuality "1"]

1. e4 e5 2. Nf3 d6 3. Nc3 Nc6 4. Bc4 Nf6 5. d3 Be7 6. Be3 0-0 7. a3 a6 8. d4 exd4 9. Bxd4 Nxd4 10. Qxd4 b5 11. Bb3 c5 12. Qe3 c4 13. Ba2 Bb7 14. 0-0 h5 15. h4 0-1

[Event "CRI-ch"]
[Site "San Jose"]
[Date "2004.07.20"]
[Round "11"]
[White "Ugalde Garcia, Ronald"]
[Black "Jimenez Molina, Juan Leon"]
[Result "0-1"]
[WhiteElo "2165"]
[BlackElo "2176"]
[PlyCount "72"]
[EventDate "2004.07.05"]
[EventType "tourn"]
[EventRounds "13"]
[EventCountry "CRI"]
[SourceTitle "EXT 2005"]
[Source "ChessBase"]
[SourceDate "2004.11.15"]
[SourceVersion "1"]
[SourceVersionDate "2004.11.15"]
[SourceQuality "1"]

1. d4 g6 2. c4 Bg7 3. Nc3 c5 4. e3 Nf6 5. Nf3 0-0 6. Bd3 cxd4 7. exd4 d5 8. h3 Nc6 9. 0-0 Be6 10. c5 b6 11. cxb6 axb6 12. Bg5 Nb4 13. Bb1 Nc6 14. Re1 Ne8 15. Bc2 h6 16. Bf4 Bc8 17. Ba4 Na7 18. Qd2 Kh7 19. Qe3 e6 20. Ne5 Nd6 21. Bc2 b5 22. Qd3 f5 23. Nxg6 Rg8 24. Ne5 Nc4 25. b3 Nxe5 26. Bxe5 Bxe5 27. dxe5 Qg5 28. Qf3 Nc6 29. Rad1 Bb7 30. Nxb5 Rxa2 31. Bb1 Rd2 32. Rxd2 Qxd2 33. Qe3 Qb4 34. Nd6 d4 35. Qf3 Qxe1+ 36. Kh2 Qxe5+ 0-1

[Event "CRI-ch"]
[Site "San Jose"]
[Date "2004.07.18"]
[Round "13"]
[White "Jimenez Molina, Juan Leon"]
[Black "Minero Pineda, Sergio"]
[Result "1/2-1/2"]
[WhiteElo "2176"]
[BlackElo "2429"]
[PlyCount "38"]
[EventDate "2004.07.05"]
[EventType "tourn"]
[EventRounds "13"]
[EventCountry "CRI"]
[SourceTitle "EXT 2005"]
[Source "ChessBase"]
[SourceDate "2004.11.15"]
[SourceVersion "1"]
[SourceVersionDate "2004.11.15"]
[SourceQuality "1"]

1. d4 Nf6 2. c4 g6 3. Nc3 Bg7 4. e4 d6 5. Nf3 0-0 6. Be2 e5 7. dxe5 dxe5 8. Qxd8 Rxd8 9. Nd5 Nxd5 10. cxd5 c6 11. Bc4 cxd5 12. Bxd5 Nd7 13. Bg5 Re8 14. 0-0-0 h6 15. Bh4 Nb6 16. Bb3 Be6 17. Bxe6 Rxe6 18. Rd8+ Rxd8 19. Bxd8 Nd7 1/2-1/2

[Event "CRI-ch 67th"]
[Site "Cenfotec"]
[Date "2003.06.24"]
[Round "10"]
[White "Gutierrez, Oscar"]
[Black "Jimenez Molina, Juan Leon"]
[Result "0-1"]
[WhiteElo "2055"]
[BlackElo "2191"]
[PlyCount "88"]
[EventDate "2003.06.13"]
[EventType "swiss"]
[EventRounds "11"]
[EventCountry "CRI"]
[SourceTitle "CBM 094 Extra"]
[Source "ChessBase"]
[SourceDate "2003.07.09"]
[SourceVersion "2"]
[SourceVersionDate "2003.07.09"]
[SourceQuality "1"]

1. Nf3 c5 2. c4 g6 3. g3 Bg7 4. Bg2 Nc6 5. Nc3 e6 6. e4 Nge7 7. 0-0 0-0 8. d3 d6 9. Bg5 h6 10. Be3 Nd4 11. Qd2 Kh7 12. Nh4 Rb8 13. f4 b6 14. h3 Bb7 15. Ne2 Nxe2+ 16. Qxe2 f5 17. Kh2 Nc6 18. Nf3 Qf6 19. Rab1 Qf7 20. a3 a5 21. Kh1 Qc7 22. g4 Ba6 23. a4 fxe4 24. dxe4 d5 25. b3 Rbd8 26. exd5 exd5 27. Nh4 Rfe8 28. Qd3 Qf7 29. f5 Ne5 30. fxg6+ Qxg6 31. Qd1 Qd3 32. Bf4 dxc4 33. Bxe5 Rxe5 34. Qxd3+ cxd3 35. Rf7 d2 36. Nf5 d1Q+ 37. Rxd1 Rxd1+ 38. Kh2 Rxf5 39. gxf5 Kg8 40. Re7 Kf8 41. Re6 Bc8 42. Re2 Bd4 43. Be4 Bc3 44. Kg3 Re1 0-1

[Event "CRI-ch 67th"]
[Site "Cenfotec"]
[Date "2003.06.13"]
[Round "1"]
[White "Lowsky, Sofia"]
[Black "Jimenez Molina, Juan Leon"]
[Result "0-1"]
[WhiteElo "1858"]
[BlackElo "2191"]
[PlyCount "66"]
[EventDate "2003.06.13"]
[EventType "swiss"]
[EventRounds "11"]
[EventCountry "CRI"]
[SourceTitle "CBM 094 Extra"]
[Source "ChessBase"]
[SourceDate "2003.07.09"]
[SourceVersion "2"]
[SourceVersionDate "2003.07.09"]
[SourceQuality "1"]

1. c4 g6 2. Nc3 Bg7 3. g3 c5 4. Bg2 Nc6 5. e4 d6 6. Nge2 Nf6 7. d3 0-0 8. 0-0 a6 9. h3 Rb8 10. a4 Ne8 11. Be3 Nc7 12. d4 b6 13. Rb1 Bd7 14. Qd2 cxd4 15. Nxd4 Nxd4 16. Bxd4 Bxd4 17. Qxd4 b5 18. cxb5 axb5 19. a5 b4 20. Nd1 Ne6 21. Qd5 Rb5 22. Qd2 Qxa5 23. Ne3 Bc6 24. Ra1 Qc7 25. Ra4 Rfb8 26. Nc2 Nc5 27. Rxb4 Rxb4 28. Nxb4 Qa5 29. Nxc6 Qxd2 30. Nxb8 Qxb2 31. Nc6 Kf8 32. Rd1 Qc2 33. Rf1 Nxe4 0-1

[Event "Managua Sub zt 2.3.2"]
[Site "Managua"]
[Date "2001.07.03"]
[Round "4"]
[White "Jimenez Molina, Juan Leon"]
[Black "Urbina, Ricardo"]
[Result "1/2-1/2"]
[WhiteElo "2222"]
[BlackElo "2279"]
[PlyCount "69"]
[EventDate "2001.06.30"]
[EventType "swiss"]
[EventRounds "9"]
[EventCountry "NCA"]
[SourceTitle "EXT 2002"]
[Source "ChessBase"]
[SourceDate "2001.11.25"]
[SourceVersion "1"]
[SourceVersionDate "2001.11.25"]
[SourceQuality "1"]

1. Nf3 Nf6 2. g3 b6 3. Bg2 Bb7 4. c4 c5 5. 0-0 g6 6. b3 Bg7 7. Bb2 0-0 8. d4 d6 9. Nc3 Nbd7 10. Qd2 Rb8 11. Rac1 a6 12. Rfd1 b5 13. cxb5 axb5 14. dxc5 Nxc5 15. b4 Nce4 16. Nxe4 Nxe4 17. Qc2 Rc8 18. Qb3 Qb6 19. e3 Nf6 20. Rxc8 Bxc8 21. Bd4 Qa6 22. Ng5 h6 23. Ne4 Be6 24. Nxf6+ Bxf6 25. Bd5 Bxd5 26. Qxd5 Bxd4 27. Rxd4 Rc8 28. h4 Rc1+ 29. Kg2 Qc6 30. Qxc6 Rxc6 31. Rd5 Rb6 32. Kf3 e6 33. Rd3 Ra6 34. a3 Rc6 35. Rd4 1/2-1/2